Central Library OPAC University of Rajshahi

The hunting wasp / (Record no. 13073)

MARC details
000 -LEADER
fixed length control field 00720cam a22002531 4500
001 - CONTROL NUMBER
control field 13073
003 - CONTROL NUMBER IDENTIFIER
rucl marc code BD-RjUL
005 - DATE AND TIME OF LATEST TRANSACTION
control field 20211208235412.0
008 - FIXED-LENGTH DATA ELEMENTS--GENERAL INFORMATION
fixed length control field 140130s1955 mau 001 0 eng
035 ## - SYSTEM CONTROL NUMBER
System control number (BD-RjUL)13123
System control number (OCoLC)990403
040 ## - CATALOGING SOURCE
Original cataloging agency DLC
Transcribing agency OCoD
Modifying agency OCoLC
-- DLC
-- BD-RjUL
Language of cataloging eng
041 ## - LANGUAGE CODE
Language code of text/sound track or separate title eng
082 ## - DEWEY DECIMAL CLASSIFICATION NUMBER
Classification number 595.798
Author mark and year CRH 1955
100 1# - MAIN ENTRY--PERSONAL NAME
Personal name Crompton, John,
Dates associated with a name 1893-
9 (RLIN) 40734
245 14 - TITLE STATEMENT
Title The hunting wasp /
Statement of responsibility, etc. by John Crompton [pseud.]
260 ## - PUBLICATION, DISTRIBUTION, ETC. (IMPRINT)
Place of publication, distribution, etc. Boston :
Name of publisher, distributor, etc. Houghton Mifflin,
Date of publication, distribution, etc. c1955.
300 ## - PHYSICAL DESCRIPTION
Pagination xiii, 240 p. ;
Size 22 cm.
504 ## - BIBLIOGRAPHY, ETC. NOTE
Bibliography, etc Includes bibliographical references and index.
650 #0 - SUBJECT ADDED ENTRY--TOPICAL TERM
Topical term or geographic name as entry element Wasps.
9 (RLIN) 40735
942 ## - ADDED ENTRY ELEMENTS (KOHA)
Source of classification or shelving scheme Dewey Decimal Classification
Koha item type Books
Holdings
Lost status Source of classification or shelving scheme Damaged status Not for loan Collection code Permanent Location Current Location Shelving location Date acquired Source of acquisition Total Checkouts Full call number Date last seen Copy number Koha item type
  Dewey Decimal Classification   Not For Loan Non-fiction Central Library, University of Rajshahi Central Library, University of Rajshahi Reading Room 23/04/1959 Asia foundation   595.798 CRH 1955 30/01/2014 C-1 Books